000 00232 a2200085 4500
020 _a9788195693108
100 _aCorrea Charles
245 _aHousing & Urbanisation By Correa Charles
260 _bPanaji The Charles Correa Foundation
_c2023
999 _c13347
_d13347